| 000 | 00383nam a22001577a 4500 | ||
|---|---|---|---|
| 999 |
_c532978 _d532978 |
||
| 003 | NUST | ||
| 005 | 20191209132545.0 | ||
| 008 | 191209b ||||| |||| 00| 0 eng d | ||
| 038 | _aMSOHAIL | ||
| 082 | _a330 SUB | ||
| 100 |
_aAyad Subhy _926626 |
||
| 245 | _aPavement Evaluation using a........\ | ||
| 260 |
_aGermany _bLAP-Lambert _cc2015 |
||
| 300 | _a124;p; | ||
| 942 |
_2ddc _cBK |
||